<?xml version="1.0" encoding="UTF-8"?><?xml-stylesheet type="text/xsl" href="static/style.xsl"?><OAI-PMH xmlns="http://www.openarchives.org/OAI/2.0/" xmlns:xsi="http://www.w3.org/2001/XMLSchema-instance" xsi:schemaLocation="http://www.openarchives.org/OAI/2.0/ http://www.openarchives.org/OAI/2.0/OAI-PMH.xsd"><responseDate>2026-06-04T04:53:48Z</responseDate><request verb="GetRecord" identifier="oai:recam.amb.cat:20.500.14439/4685" metadataPrefix="marc">https://recam.amb.cat/rest/oai/request</request><GetRecord><record><header><identifier>oai:recam.amb.cat:20.500.14439/4685</identifier><datestamp>2026-04-23T08:57:55Z</datestamp><setSpec>com_20.500.14439_2794</setSpec><setSpec>com_20.500.14439_113</setSpec><setSpec>col_20.500.14439_4201</setSpec></header><metadata><record xmlns="http://www.loc.gov/MARC21/slim" xmlns:dcterms="http://purl.org/dc/terms/" xmlns:xsi="http://www.w3.org/2001/XMLSchema-instance" xmlns:doc="http://www.lyncode.com/xoai" xsi:schemaLocation="http://www.loc.gov/MARC21/slim http://www.loc.gov/standards/marcxml/schema/MARC21slim.xsd">
   <leader>00925njm 22002777a 4500</leader>
   <datafield ind2=" " ind1=" " tag="042">
      <subfield code="a">dc</subfield>
   </datafield>
   <datafield ind2=" " ind1=" " tag="720">
      <subfield code="a">Institut d'Estudis Regionals i Metropolitans de Barcelona</subfield>
      <subfield code="e">author</subfield>
   </datafield>
   <datafield ind2=" " ind1=" " tag="260">
      <subfield code="c">1992-02-01</subfield>
   </datafield>
   <datafield ind2=" " ind1=" " tag="520">
      <subfield code="a">El present quadern, novè de la col·lecció "Papers", és el primer d'una sèrie de quatre, en cada un dels quals s'abordarà un dels grans temes que l'ordenament metropolità barceloní planteja avuí: la política de sòl i habitatge; el transport i la xarxa viària; el medi ambient; la vertebració del territori. 
El tema d'aquest quadern és, doncs, el de la política de sòl i habitatge. Cinc són els treballs que s'hi apleguen. Els quatre primers foren elaborats amb motiu d'un debat sobre el tema celebrat als locals de l'Àrea metropolitana de Barcelonaal mes de setembre de 1991. Es tracta dels escrits dels economistes Agustí Jover i Joan Ràfols, de l'enginyer Manuel Herce i de l'arquitecte Amador Ferrer. El cincquè treball és un petit repertori estadístic sobre la qüestió de l'ahibitatge a la Regió Metropolitana de Barcelona preparats pels Serveis d'Estadística i Anàlisi Territorial de la Mancomunitat de Municipis de l'Àrea metropolitana de Barcelona.</subfield>
   </datafield>
   <datafield ind1="8" ind2=" " tag="024">
      <subfield code="a">8488068069</subfield>
   </datafield>
   <datafield ind1="8" ind2=" " tag="024">
      <subfield code="a">https://hdl.handle.net/20.500.14439/4685</subfield>
   </datafield>
   <datafield ind1="8" ind2=" " tag="024">
      <subfield code="a">B 8515-92</subfield>
   </datafield>
   <datafield tag="653" ind2=" " ind1=" ">
      <subfield code="a">Sòls</subfield>
   </datafield>
   <datafield tag="653" ind2=" " ind1=" ">
      <subfield code="a">Habitatge</subfield>
   </datafield>
   <datafield tag="653" ind2=" " ind1=" ">
      <subfield code="a">Política</subfield>
   </datafield>
   <datafield ind2="0" ind1="0" tag="245">
      <subfield code="a">Política de sòl i habitatge. Papers; 9</subfield>
   </datafield>
</record></metadata></record></GetRecord></OAI-PMH>